[Event "Indywidualne Mistrzostwa Polski Juniorow - C18"]
[Site "Szczyrk"]
[Date "2013-03-19"]
[Round "4.1"]
[White "Lewtak, Damian"]
[Black "Jarmula, Pawel"]
[Result "0-1"]
[WhiteTitle "m"]
[BlackTitle "k"]
[WhiteElo "2224"]
[BlackElo "2197"]

1. e4 c5 2. Nf3 d6 3. d4 cxd4 4. Nxd4 Nf6 5. Nc3 a6 6. Be3 Ng4 7. Bc1 Nf6 8. h3
e5 9. Nb3 Be6 10. Be3 Nbd7 11. Qf3 Rc8 12. O-O-O Rxc3 13. bxc3 Qc7 14. Kb2 Be7
15. g4 h6 16. Rg1 O-O 17. h4 Rc8 18. Bd2 d5 19. exd5 Nxd5 20. g5 e4 21. Qxe4 Nxc3
22. Qf3 Na4+ 23. Ka1 Qxc2 24. Rb1 Ba3 25. Bc1 Nc3 0-1

[Event "Indywidualne Mistrzostwa Polski Juniorow - C18"]
[Site "Szczyrk"]
[Date "2013-03-19"]
[Round "4.2"]
[White "Zochowski, Kacper"]
[Black "Nowicki, Bartosz"]
[Result "1-0"]
[WhiteTitle "I++"]
[BlackTitle "k"]
[WhiteElo "2083"]
[BlackElo "2156"]

1. e4 c5 2. Nf3 d6 3. d4 cxd4 4. Nxd4 Nf6 5. Nc3 a6 6. h3 e5 7. Nde2 h5 8. Bg5
Be7 9. Bxf6 Bxf6 10. Nd5 Bg5 11. Nec3 Nc6 12. Be2 g6 13. O-O Nd4 14. Na4 Nxe2+
15. Qxe2 Be6 16. Nab6 Rb8 17. a4 O-O 18. a5 f5 19. f4 Bf6 20. exf5 Bxf5 21. g4
hxg4 22. hxg4 Be6 23. f5 Bxd5 24. Nxd5 gxf5 25. Rxf5 Bg7 26. Rxf8+ Qxf8 27. Rf1
Qe8 28. Qc4 Kh8 29. Rf5 Qe6 30. Rh5+ Kg8 31. Ne7+ Kf7 32. Rf5+ Kxe7 33. Qc7+ Qd7
34. Qxb8 d5 35. Qg8 Kd6 36. Qf7 Qe7 37. Qg6+ Kc5 38. Qb6+ Kc4 39. Qb3+ Kd4 40.
Qd3+ Kc5 41. Qa3+ 1-0

[Event "Indywidualne Mistrzostwa Polski Juniorow - C18"]
[Site "Szczyrk"]
[Date "2013-03-19"]
[Round "4.3"]
[White "Mroziak, Maciej"]
[Black "Adamowicz, Maciej"]
[Result "-"]
[WhiteTitle "I++"]
[BlackTitle "I++"]
[WhiteElo "2149"]
[BlackElo "2042"]

1. e4 d5 2. exd5 Qxd5 3. Nc3 Qd6 4. d4 Nf6 5. Nf3 a6 6. g3 Bg4 7. Bg2 Nc6 8. Be3
e6 9. h3 Bh5 10. O-O Be7 11. Bf4 Bxf3 12. Bxf3 Qd7 13. d5 exd5 14. Nxd5 Nxd5 15.
Qxd5 Qxh3 16. Bxc7 O-O 17. c3 Rac8 18. Bb6 Bd8 19. Bc5 Re8 20. Rfe1 Bc7 21. Bg2
Qg4 22. Re4 Rxe4 23. Qxe4 Qh5 24. Be3 Rd8 25. Bf3 Qb5 26. Rd1 Rxd1+ 27. Bxd1 Qe5
28. Bc2 g6 29. Qg4 Qe6 30. Qxe6 fxe6 31. Be4 Nd8 32. a4 Kf7 33. Bg5 b6 34. Kf1
Ke8 35. Ke2 Kd7 36. Bd3 a5 37. Bb5+ Kd6 38. f4 Nf7 39. Bf6 Bd8 40. Bg7 Ke7 41.
g4 Bc7 42. Ke3 Nd6 43. Bd3 Ne8 44. Be5 Nd6 45. b4 Kd7 46. Be2 Bd8 47. Kd3 Bc7
48. bxa5 bxa5 49. Bf3 Bb6 50. c4 Nf7 51. Bd4 Bc7 52. Be3 Nd8 53. c5 Nc6 54. Kc4
Na7 55. Bd1 Kc6 56. Be2 Kd7 57. Bf3 Kd8 58. c6 Nc8 59. Kb5 Nd6+ 60. Ka6 Nc4 61.
Bc1 Nd6 62. Be2 Ne4 63. Bc4 h5 64. gxh5 gxh5 65. Be3 h4 66. Bxe6 Bxf4 67. Bxf4
Nc5+ 68. Ka7 Nxe6 69. Kb8 h3 70. c7+ Nxc7 71. Bxc7+ Kd7 72. Kb7 Ke6 73. Kc6 Ke7
74. Bg3 Kd8 75. Kb6 Kc8 76. Ka6 Kd7 77. Kxa5 *

[Event "Indywidualne Mistrzostwa Polski Juniorow - C18"]
[Site "Szczyrk"]
[Date "2013-03-19"]
[Round "4.4"]
[White "Licznerski, Lukasz"]
[Black "Poswiatowski, Michal"]
[Result "1-0"]
[WhiteTitle "FM"]
[BlackTitle "I+"]
[WhiteElo "2331"]
[BlackElo "2076"]

1. c4 Nf6 2. Nf3 c6 3. b3 d5 4. Bb2 g6 5. g3 Bg7 6. Bg2 O-O 7. O-O Nbd7 8. d3 Re8
9. Qc2 e5 10. cxd5 Nxd5 11. Nbd2 Qe7 12. a3 Nf8 13. b4 f6 14. e4 Nc7 15. d4 exd4
16. Nxd4 Nce6 17. N4b3 Bd7 18. Rad1 Red8 19. f4 Be8 20. Nf3 Bf7 21. Rde1 Nd7 22.
Bc3 c5 23. f5 Nef8 24. Qb2 Re8 25. bxc5 Bc4 26. Rf2 Qf7 27. fxg6 hxg6 28. Nfd2
Bxb3 29. Nxb3 Qe7 30. e5 Nxe5 31. Bxe5 fxe5 32. Bd5+ Ne6 33. Nd4 Rad8 34. Bxe6+
Kh7 35. Bf7 e4 36. Bxe8 Qxc5 37. Rxe4 Rxd4 38. Rxd4 Bxd4 39. Qxb7+ Kh6 40. Qf3
1-0

[Event "Indywidualne Mistrzostwa Polski Juniorow - C18"]
[Site "Szczyrk"]
[Date "2013-03-19"]
[Round "4.5"]
[White "Suliborski, Jakub"]
[Black "Nasuta, Grzegorz"]
[Result "0-1"]
[WhiteTitle "I++"]
[BlackTitle "k"]
[WhiteElo "1996"]
[BlackElo "2295"]

1. e4 c5 2. Nf3 d6 3. d4 cxd4 4. Nxd4 Nf6 5. Nc3 a6 6. Bg5 e6 7. f4 Qc7 8. Qf3
b5 9. f5 b4 10. Ncb5 axb5 11. Bxb5+ Bd7 12. fxe6 Bxb5 13. Nxb5 Qc5 14. Bxf6 fxe6
15. Nd4 gxf6 16. Nxe6 Qc4 17. Qxf6 Nd7 18. Qxh8 Qxe4+ 19. Kd1 Qxe6 20. Re1 Ne5
21. Qxh7 Bh6 22. Qh8+ Kd7 23. Qh7+ Ke8 24. Qh8+ Kd7 25. Qh7+ Kc6 26. Qe4+ Kc7
27. Ke2 Rf8 28. Rf1 Rg8 29. g3 Rg4 30. Qh7+ Rg7 31. Qe4 Rg4 32. Qh7+ Kb6 33. Kf2
Nc4 34. Qd3 Be3+ 35. Kg2 Rd4 36. Qf5 Rd2+ 37. Kh3 Qh6+ 0-1

[Event "Indywidualne Mistrzostwa Polski Juniorow - C18"]
[Site "Szczyrk"]
[Date "2013-03-19"]
[Round "4.6"]
[White "Musialkiewicz, Jan"]
[Black "Kanarkiewicz, Michal"]
[Result "1/2-1/2"]
[WhiteTitle "k+"]
[BlackTitle "I"]
[WhiteElo "2243"]
[BlackElo "2056"]

1. e4 Nf6 2. Nc3 d5 3. e5 d4 4. Nce2 Ng4 5. f4 f6 6. h3 Nh6 7. Nf3 Nc6 8. c3 Nf5
9. Nexd4 Nfxd4 10. cxd4 Nxd4 11. Qa4+ Nc6 12. Bc4 e6 13. f5 exf5 14. O-O fxe5
15. Re1 Bd7 16. d4 Be7 17. dxe5 Nd4 18. Qd1 Nxf3+ 19. Qxf3 Bc6 20. Qb3 Bc5+ 21.
Be3 Qe7 22. Rad1 Rf8 23. Bb5 Bxe3+ 24. Rxe3 Bxb5 25. Qxb5+ c6 26. Qa5 f4 27. Rf3
Rf5 28. Re1 Qd8 29. Qc3 Qb6+ 30. Kh2 O-O-O 31. e6 Rf6 32. Qc2 Qa5 33. Re2 Qf5
34. e7 Re8 35. Qa4 Kb8 36. Qd4 Qd5 37. Rxf4 Qxd4 38. Rxd4 Kc7 39. Rg4 Rf7 40.
Rge4 Kd6 41. Rd2+ 1/2-1/2

[Event "Indywidualne Mistrzostwa Polski Juniorow - C18"]
[Site "Szczyrk"]
[Date "2013-03-19"]
[Round "4.7"]
[White "Lewicki, Miroslaw"]
[Black "Eggink, Mateusz"]
[Result "1-0"]
[WhiteTitle "CM"]
[BlackTitle "I"]
[WhiteElo "2208"]
[BlackElo "2035"]

1. e4 c5 2. Nf3 d6 3. d4 cxd4 4. Nxd4 Nf6 5. Nc3 a6 6. Bg5 Nbd7 7. Be2 Qc7 8. O-O
e6 9. a4 Be7 10. Be3 b6 11. f3 Bb7 12. Qe1 d5 13. exd5 Nxd5 14. Nxd5 Bxd5 15.
f4 O-O 16. Qg3 Nc5 17. c3 Bd6 18. Bf3 Ne4 19. Qh4 Rae8 20. Rad1 f5 21. Rfe1 Rf6
22. Bxe4 Bxe4 23. Qf2 Rg6 24. g3 Rb8 25. Rd2 h5 26. h4 Qc4 27. Nf3 Bd5 28. Rd4
Qb3 29. Ne5 Bxe5 30. fxe5 a5 31. Ra1 Be4 32. Ra3 Qc2 33. Qxc2 Bxc2 34. Bf4 Rg4
35. Rd2 Be4 36. c4 Kf7 37. Kf2 Bc6 38. Rd6 Rc8 39. b3 g5 40. Bxg5 Re4 41. Bf4
Be8 42. Ra1 Rb8 43. Re1 1-0

[Event "Indywidualne Mistrzostwa Polski Juniorow - C18"]
[Site "Szczyrk"]
[Date "2013-03-19"]
[Round "4.8"]
[White "Faron, Rafal"]
[Black "Malec, Sebastian"]
[Result "-"]
[WhiteTitle "I"]
[BlackTitle "k"]
[WhiteElo "1894"]
[BlackElo "2171"]

1. d4 Nf6 2. c4 e6 3. Nf3 Bb4+ 4. Bd2 a5 5. g3 b6 6. Bg2 Bb7 7. O-O O-O 8. a3 Be7
9. Nc3 d5 10. cxd5 exd5 11. Ne5 Ne4 12. Qc2 Nxd2 13. Qxd2 c6 14. Rfd1 Nd7 15.
e4 Nxe5 16. dxe5 d4 17. Qxd4 Bc5 18. Qd7 Qxd7 19. Rxd7 Bc8 20. Rc7 Bg4 21. Rxc6
Ra7 22. Nd5 Bd4 23. Rb1 b5 24. h3 Bd7 25. Rc2 Be6 26. Rd1 Bxe5 27. f4 Bb8 28.
Bf1 b4 29. axb4 axb4 30. Bc4 Bxh3 31. Kh2 Bg4 32. Re1 Bd6 33. Ne3 h5 34. Nxg4
hxg4 35. e5 Re7 36. Be2 Bc7 37. Bxg4 f5 38. Bf3 g5 39. Rc6 Kg7 40. Rec1 Ba5 41.
R1c5 Bd8 42. Rd5 Bc7 43. Rdc5 Bd8 44. Rb5 Rh8+ 45. Kg2 gxf4 46. gxf4 Rh4 47. Kg3
Kh7 48. Kxh4 Rxe5+ 49. Kh5 Rxb5 50. Rd6 Ba5 51. Rd7+ Kg8 52. Kg6 Kf8 53. Rf7+
Kg8 54. Ra7 Kf8 55. b3 Rc5 56. Ra8+ Ke7 57. Be2 Bc7 *

[Event "Indywidualne Mistrzostwa Polski Juniorow - C18"]
[Site "Szczyrk"]
[Date "2013-03-19"]
[Round "4.9"]
[White "Klimek, Marcin"]
[Black "Tomsia, Kamil"]
[Result "1-0"]
[WhiteTitle "I"]
[BlackTitle "I++"]
[WhiteElo "1819"]
[BlackElo "2141"]

1. e4 c5 2. Nf3 Nc6 3. Bb5 e6 4. Bxc6 bxc6 5. d3 Ne7 6. Qe2 Ng6 7. h4 Qc7 8. h5
Nf4 9. Bxf4 Qxf4 10. Nbd2 d5 11. g3 Qc7 12. e5 Rb8 13. b3 h6 14. Kf1 Be7 15. Kg2
a5 16. c4 Bd7 17. Rhc1 O-O 18. Rab1 f6 19. Qe3 Be8 20. Rh1 fxe5 21. Qxe5 Qxe5
22. Nxe5 Bd6 23. Ndf3 Rf5 24. Rbe1 a4 25. g4 Rf4 26. Kg3 Rf8 27. Nd2 axb3 28.
axb3 Ra8 29. f4 Ra2 30. Ndf3 Rb2 31. Rb1 Rxb1 32. Rxb1 g6 33. hxg6 Kg7 34. Ra1
Bb8 35. Ra5 Bxg6 36. Rxc5 Be8 37. Nd4 Rf6 38. Ndxc6 Bd6 39. Ra5 Bxc6 40. Ra7+
Kf8 41. Nxc6 Rxf4 42. Rd7 Rd4+ 43. Rxd6 Rxd3+ 44. Kf4 Rxb3 45. cxd5 exd5 46. Rxh6
Rb1 47. Rd6 Rd1 48. Kg5 Kf7 49. Nb4 d4 50. Nc6 1-0

[Event "Indywidualne Mistrzostwa Polski Juniorow - C18"]
[Site "Szczyrk"]
[Date "2013-03-19"]
[Round "4.10"]
[White "Paszewski, Mateusz"]
[Black "Pietruszewski, Marcin"]
[Result "-"]
[WhiteTitle "I++"]
[BlackTitle "k"]
[WhiteElo "2065"]
[BlackElo "2107"]

1. c4 c6 2. g3 Nf6 3. Nf3 d5 4. Bg2 dxc4 5. Qc2 Qd5 6. Nc3 Qh5 7. Ne4 Nxe4 8. Qxe4
Be6 9. b3 cxb3 10. axb3 Nd7 11. O-O Bd5 12. Qc2 Qg6 13. d3 e5 14. e4 Be6 15. Bb2
f6 16. d4 exd4 17. Nxd4 Qf7 18. Rfd1 Bb4 19. Bf1 Nc5 20. Nxe6 Nxe6 21. f4 Qe7
22. Kh1 O-O 23. Qc4 Rf7 24. Bh3 Nf8 25. e5 fxe5 26. Bxe5 a5 27. Rd3 Qc5 28. Qe4
Re8 29. Qg2 Ng6 30. Bd4 Qb5 31. Qf3 Rfe7 32. Bf2 Re2 33. Rad1 Bc5 34. Bxc5 Qxc5
35. Rd8 Qc2 36. Bf5 Qb2 37. Rxe8+ Rxe8 38. Qd3 Nf8 39. Qc4+ Kh8 40. Bc2 Qf6 41.
Rd2 Rd8 42. Rxd8 Qxd8 43. Be4 Qd2 44. Kg1 Qb4 45. Qc2 h6 46. Bf3 Qd4+ 47. Kg2
Kg8 48. Be2 Kf7 49. Qf5+ Ke7 50. Bc4 Nd7 51. Qxa5 b5 52. Qe1+ Kd6 53. Bf7 Nc5
54. Qe8 Qe4+ 55. Qxe4 Nxe4 56. Kf3 Nf6 57. g4 g5 58. fxg5 hxg5 59. Kg3 Ne4+ 60.
Kf3 Ke5 61. Ke3 c5 62. Be8 c4 63. bxc4 bxc4 64. Bg6 Nf6 65. Kf3 c3 66. Bc2 Nd5
67. Kg3 Ne3 68. Ba4 c2 69. Bxc2 Nxc2 70. h4 Kf6 71. hxg5+ *

[Event "Indywidualne Mistrzostwa Polski Juniorow - C18"]
[Site "Szczyrk"]
[Date "2013-03-19"]
[Round "4.11"]
[White "Cukrowski, Filip"]
[Black "Grzeskow, Adrian"]
[Result "0-1"]
[WhiteTitle "k"]
[BlackTitle "I"]
[WhiteElo "2163"]
[BlackElo "1885"]

1. e4 c6 2. d4 d5 3. exd5 cxd5 4. c4 Nf6 5. Nc3 Nc6 6. Bg5 Qa5 7. Qd2 Ne4 8. Nxe4
dxe4 9. Qxa5 Nxa5 10. Bd2 Nc6 11. Bc3 e6 12. a3 Bd7 13. O-O-O Ne7 14. g3 Ba4 15.
Re1 Rc8 16. h4 Bb3 17. c5 Nd5 18. Bb4 b6 19. Kb1 bxc5 20. Bxc5 Bxc5 21. Rc1 O-O
22. dxc5 Rc7 23. Ba6 Nf6 24. Ne2 Nd7 25. c6 Ne5 26. Nd4 Ba4 27. Rc5 Rd8 28. Rxe5
Rxd4 29. Bb5 f6 30. Rc5 Bxb5 31. Rxb5 Rxc6 32. Rb8+ Kf7 33. h5 Rb6 34. Rc8 Rb7
35. Rc2 f5 36. g4 f4 37. g5 Rd3 38. h6 e3 39. fxe3 Rxe3 40. hxg7 Kxg7 41. Kc1
Kg6 42. Rg2 Rg3 43. Re2 Rb6 44. Rh6+ Kxg5 45. Rhxe6 Rxe6 46. Rxe6 Re3 47. Ra6
Re7 48. Kd2 f3 49. Rc6 f2 50. Rc1 Kf4 0-1

[Event "Indywidualne Mistrzostwa Polski Juniorow - C18"]
[Site "Szczyrk"]
[Date "2013-03-19"]
[Round "4.12"]
[White "Stankiewicz, Pawel"]
[Black "Gora, Jan"]
[Result "1-0"]
[WhiteTitle "k"]
[BlackTitle "I"]
[WhiteElo "2108"]
[BlackElo "1961"]

1. f4 d5 2. Nf3 g6 3. g3 Bg7 4. Bg2 c6 5. d3 Bg4 6. c3 Bxf3 7. Bxf3 Nf6 8. Na3
Nbd7 9. O-O Qb6+ 10. Kh1 e5 11. e4 O-O 12. Bg2 Rfe8 13. fxe5 Nxe5 14. d4 Nc4 15.
Nxc4 dxc4 16. Qc2 Qc7 17. Bg5 Nd7 18. Rae1 f6 19. Bf4 Qa5 20. Bh3 Nf8 21. b4 Qd8
22. Qe2 b5 23. Qf2 Ne6 24. Bc1 Nc7 25. Bg2 Qd7 26. Qf3 Rad8 27. h4 Re7 28. Kh2
Rde8 29. Bh3 Qd8 30. h5 gxh5 31. Bf5 h4 32. gxh4 Ne6 33. Rg1 Qd6+ 34. Kh1 Kh8
35. Rg2 Bf8 36. Reg1 Bg7 37. Qh5 Nf8 38. Bh6 Bxh6 39. Rg8+ 1-0

[Event "Indywidualne Mistrzostwa Polski Juniorow - C18"]
[Site "Szczyrk"]
[Date "2013-03-19"]
[Round "4.13"]
[White "Jaskolka, Tomasz"]
[Black "Dzierzak, Radoslaw"]
[Result "0-1"]
[WhiteTitle "I++"]
[BlackTitle "I+"]
[WhiteElo "2038"]
[BlackElo "1912"]

1. e4 c5 2. Nf3 e6 3. d3 d5 4. Nbd2 Nc6 5. g3 g6 6. Bg2 Bg7 7. O-O Nge7 8. Re1
O-O 9. c3 b5 10. Nb3 Qb6 11. Be3 d4 12. cxd4 cxd4 13. Bf4 e5 14. Bg5 Be6 15. Qd2
Rfc8 16. Rec1 f6 17. Nc5 Bg4 18. Bh6 Bxh6 19. Qxh6 Nb4 20. a3 Na2 21. Rxa2 Rxc5
22. b4 Rxc1+ 23. Qxc1 Rc8 24. Rc2 Rxc2 25. Qxc2 Qc6 26. Qxc6 Nxc6 27. Nd2 a5 28.
bxa5 Nxa5 29. Kf1 Kf7 30. f4 Ke7 31. Bf3 Be6 32. Bd1 Kd6 33. Ke1 Kc5 34. fxe5
fxe5 35. Nf3 Kd6 36. Nd2 h6 37. h4 Kc5 38. g4 b4 39. axb4+ Kxb4 40. g5 hxg5 41.
hxg5 Kc3 42. Nf3 Nc6 43. Ba4 Nb4 44. Nxe5 Nxd3+ 45. Nxd3 Kxd3 46. Be8 Ke3 47.
Bxg6 d3 48. Bh5 d2+ 49. Kf1 Bc4+ 50. Kg2 Be2 51. g6 Bxh5 52. g7 Bf7 0-1

[Event "Indywidualne Mistrzostwa Polski Juniorow - C18"]
[Site "Szczyrk"]
[Date "2013-03-19"]
[Round "4.14"]
[White "Budzinski, Jan"]
[Black "Adamczewski, Jedrzej"]
[Result "-"]
[WhiteTitle "I+"]
[BlackTitle "I"]
[WhiteElo "1984"]
[BlackElo "1861"]

1. e4 e5 2. Nf3 Nf6 3. Nxe5 d6 4. Nf3 Nxe4 5. Nc3 Nxc3 6. dxc3 Be7 7. Bd3 Nc6 8.
h3 Be6 9. Bf4 a6 10. Qe2 Qd7 11. Be4 h6 12. O-O-O Bf6 13. Rhe1 O-O-O 14. Nd4 Nxd4
15. cxd4 Bf5 16. Bd5 Rhe8 17. Qc4 Bg6 18. Bf3 Qb5 19. Qxb5 axb5 20. c3 Rxe1 21.
Rxe1 b4 22. Bg4+ Kb8 23. Kd2 bxc3+ 24. bxc3 h5 25. Bf3 c6 26. g4 hxg4 27. hxg4
Bh4 28. g5 f6 29. gxf6 Bxf6 30. Rg1 Bf7 31. a4 Kc7 32. Bg5 Bb3 33. Bxf6 gxf6 34.
a5 Rd7 35. Be2 Bd5 36. c4 Be4 37. Rg4 Bh7 38. Rf4 Rf7 39. Bh5 Rf8 40. Kc3 c5 41.
Bf3 Bg6 42. Bd5 f5 43. Rh4 f4 44. Rg4 Rf6 45. Rg5 cxd4+ 46. Kxd4 Kb8 47. f3 Ka7
48. Rg2 Bf7 49. Be4 Be8 50. Rb2 Bc6 51. Bxc6 bxc6 52. Ke4 Rh6 53. Rb6 c5 54. Kd5
Rh1 55. Kxd6 Rf1 56. Rb3 Re1 57. Kxc5 Re3 58. Kb4 Ka6 59. Rxe3 fxe3 60. Kc3 Kxa5
*

[Event "Indywidualne Mistrzostwa Polski Juniorow - C18"]
[Site "Szczyrk"]
[Date "2013-03-19"]
[Round "4.15"]
[White "Musialkiewicz, Pawel"]
[Black "Kuspak, Aleksander"]
[Result "1-0"]
[WhiteTitle "k"]
[BlackTitle "I"]
[WhiteElo "2182"]
[BlackElo "1926"]

1. d4 c5 2. d5 e6 3. c4 exd5 4. cxd5 Nf6 5. Nc3 d6 6. e4 g6 7. f4 Bg7 8. Bb5+ Nfd7
9. a4 O-O 10. Nf3 Na6 11. O-O Nc7 12. Be2 a6 13. Nd2 Re8 14. Nc4 Nf6 15. Bf3 Rb8
16. e5 dxe5 17. fxe5 Nd7 18. e6 fxe6 19. d6 Na8 20. Be3 Nab6 21. Na3 Ne5 22. Bxc5
Nbc4 23. Qe2 Nxa3 24. Rxa3 b6 25. Rb3 bxc5 26. Rxb8 Qxd6 27. Ra8 c4 28. Ne4 Qb6+
29. Kh1 Rf8 30. Qf2 Qb3 31. Nd6 Nxf3 32. Rxc8 Rxc8 33. Nxc8 Ne5 34. Qb6 h5 35.
Qxe6+ Kh7 36. Qb6 Qxa4 37. h3 Qb5 38. Qxb5 axb5 39. Nd6 b4 40. Rc1 Bh6 41. Rc2
b3 42. Re2 Bf4 43. Nxc4 Nxc4 44. Re4 Nxb2 45. Rxf4 Nd3 46. Rf7+ Kh6 47. Rb7 b2
48. Rb5 h4 49. Kg1 Kg7 50. Kf1 Kf6 51. Ke2 Nf4+ 52. Kf3 Nd3 53. Ke3 Ne5 54. Kd4
Nf7 55. Rxb2 g5 56. Ke4 Nd6+ 57. Kf3 Kf5 58. Rb4 Nf7 59. Rb5+ Kg6 60. Ra5 Kh5
61. Ke4 Nd6+ 62. Kd5 Nf5 63. Ke6 Ng3 64. Kf7 Kh6 65. Re5 Nh5 66. Re6+ Kh7 67.
Rg6 Ng3 68. Rxg5 Kh6 69. Rg4 Kh5 70. Kf6 Ne2 71. Rg8 Nf4 72. Rh8# 1-0

[Event "Indywidualne Mistrzostwa Polski Juniorow - C18"]
[Site "Szczyrk"]
[Date "2013-03-19"]
[Round "4.16"]
[White "Szewczyk, Mariusz"]
[Black "Knapik, Andrzej"]
[Result "1-0"]
[WhiteTitle "I++"]
[BlackTitle "I"]
[WhiteElo "2093"]
[BlackElo "1913"]

1. d4 Nf6 2. c4 g6 3. Nc3 Bg7 4. e4 O-O 5. Be3 c6 6. f3 d5 7. cxd5 cxd5 8. e5 Ne8
9. Bd3 Nc6 10. Qd2 Nc7 11. Nge2 f6 12. exf6 exf6 13. h4 f5 14. Bg5 Qd7 15. Bc2
b5 16. O-O-O a5 17. h5 Nb4 18. hxg6 hxg6 19. Bb1 Ra6 20. Nf4 Rc6 21. g4 Nxa2+
22. Bxa2 b4 23. Rde1 bxc3 24. bxc3 Rf7 25. Qh2 Bxd4 26. Ne2 Rxc3+ 27. Nxc3 Bxc3
28. Bd2 Bd4 29. Bxa5 Qa4 30. Bxc7 Rxc7+ 31. Qxc7 Qa3+ 32. Kd2 Qxa2+ 33. Kd3 1-0

[Event "Indywidualne Mistrzostwa Polski Juniorow - C18"]
[Site "Szczyrk"]
[Date "2013-03-19"]
[Round "4.17"]
[White "Dzikowski, Michal"]
[Black "Zielinski, Maciej"]
[Result "0-1"]
[WhiteTitle "I"]
[BlackTitle "I++"]
[WhiteElo "1879"]
[BlackElo "2091"]

1. d4 g6 2. c4 Bg7 3. Nc3 Nf6 4. e4 d6 5. Nf3 O-O 6. Be2 Nbd7 7. O-O e5 8. Re1
h6 9. Bf1 Kh7 10. Rb1 c6 11. d5 Qc7 12. b4 a6 13. dxc6 bxc6 14. Ba3 Ne8 15. Nd2
f5 16. Nb3 fxe4 17. Nxe4 Ndf6 18. Nbd2 Bf5 19. Rc1 Qa7 20. c5 d5 21. Ng3 Qc7 22.
Bb2 e4 23. Nxf5 gxf5 24. Be2 Ng4 25. Bxg4 Bxb2 26. Rc2 Be5 27. Bh3 Bxh2+ 28. Kh1
Be5 29. Nb3 Qg7 30. Rf1 Rd8 31. Qh5 Qg5 32. Qxg5 hxg5 33. Na5 Rc8 34. g4 f4 35.
f3 Nf6 36. Bg2 Kg7 37. Rd1 Rh8+ 38. Kg1 Rh4 39. a4 exf3 40. Bxf3 Nxg4 41. Bxg4
Rxg4+ 42. Rg2 Rxg2+ 43. Kxg2 g4 44. b5 f3+ 45. Kf2 cxb5 0-1

[Event "Indywidualne Mistrzostwa Polski Juniorow - C18"]
[Site "Szczyrk"]
[Date "2013-03-19"]
[Round "4.18"]
[White "Lapaj, Mateusz"]
[Black "Lopuszanski, Kamil"]
[Result "1-0"]
[WhiteTitle "I++"]
[BlackTitle "I"]
[WhiteElo "2044"]
[BlackElo "1870"]

1. e4 c6 2. d4 d5 3. exd5 cxd5 4. c4 Nf6 5. Nc3 e6 6. Nf3 Be7 7. c5 b6 8. Bb5+
Bd7 9. Bxd7+ Nfxd7 10. cxb6 axb6 11. Bf4 O-O 12. O-O Na6 13. Qb3 Rc8 14. Qb5 Nab8
15. Rac1 Rc4 16. b3 Rc8 17. Na4 Bf6 18. Bd6 Re8 19. Rxc8 Qxc8 20. Nxb6 Qb7 21.
Bxb8 Rxb8 22. Qxd7 Qxb6 23. Rc1 g6 24. Rc8+ Rxc8 25. Qxc8+ Kg7 26. Qc3 Be7 27.
g3 Bb4 28. Qc2 Ba3 29. Qc3 Bb4 30. Qd3 Qc7 31. Kg2 h6 32. Qb5 Qc3 33. Qd7 Ba5
34. Ne5 Qc7 35. Qxc7 Bxc7 36. Nc6 Kf8 37. b4 Ke8 38. b5 Kd7 39. Kf3 Kc8 40. a4
Kb7 41. a5 h5 42. Ke3 g5 43. Kd3 h4 44. gxh4 gxh4 45. h3 f6 46. Kc3 e5 47. Kd3
e4+ 48. Ke3 Bd6 49. Nd8+ Ka7 50. Ne6 Bb4 51. Nf4 Bxa5 52. Nxd5 f5 53. Ne7 f4+
54. Kxe4 Be1 55. f3 Kb6 56. Kxf4 Bg3+ 57. Kg5 Kxb5 58. f4 1-0

[Event "Indywidualne Mistrzostwa Polski Juniorow - C18"]
[Site "Szczyrk"]
[Date "2013-03-19"]
[Round "4.19"]
[White "Worobiej, Daniel"]
[Black "Zareba, Grzegorz"]
[Result "0-1"]
[WhiteTitle "I"]
[BlackTitle "I"]
[WhiteElo "1859"]
[BlackElo "1968"]

1. e4 e6 2. b3 d5 3. Bb2 dxe4 4. Nc3 Nf6 5. Qe2 Nbd7 6. Nxe4 Be7 7. g4 c5 8. h4
Nxe4 9. Qxe4 Bf6 10. d4 Qa5+ 11. Kd1 Bxd4 12. Bxd4 cxd4 13. Nf3 Nf6 14. Qxd4 O-O
15. Bd3 Rd8 16. Qf4 Qc3 17. Rc1 e5 18. Nxe5 Rd4 19. Qe3 Nxg4 20. Nxg4 Bxg4+ 21.
f3 Bf5 22. Ke2 Bxd3+ 23. cxd3 Qb2+ 24. Qd2 Re8+ 25. Kd1 Qxd2+ 26. Kxd2 Red8 27.
Rc3 h5 28. Ke3 g6 29. f4 Kg7 30. Rg1 Kf6 31. Rg5 R8d7 32. Rb5 R4d6 33. Re5 b6
34. b4 Rd4 35. a3 R4d6 36. Ke4 Rd4+ 37. Ke3 R4d6 38. Ke4 Rd8 39. Ke3 Rd4 40. Re4
R4d7 41. Re5 Rd4 42. Re4 R4d5 43. d4 Kf5 44. Rc7 R5d7 45. Re5+ Kf6 46. Rxd7 Rxd7
47. a4 Rc7 48. a5 Rc4 49. axb6 axb6 50. Rb5 Rc6 51. d5 Rd6 52. Ke4 Ke7 53. f5
gxf5+ 54. Kxf5 Kd7 55. Kg5 Kc7 56. Kxh5 Kb7 57. Kg5 Ka6 58. Rxb6+ Kxb6 59. h5
Rxd5+ 60. Kg4 Kb5 61. h6 Kxb4 62. h7 Rd8 63. Kg5 0-1

[Event "Indywidualne Mistrzostwa Polski Juniorow - C18"]
[Site "Szczyrk"]
[Date "2013-03-19"]
[Round "4.20"]
[White "Kwiatkowski, Wiktor"]
[Black "Kowalczyk, Adam"]
[Result "1/2-1/2"]
[WhiteTitle "I"]
[BlackTitle "II+"]
[WhiteElo "1949"]
[BlackElo "1878"]

1. e4 c5 2. Nf3 e6 3. d4 cxd4 4. Nxd4 Nf6 5. Bd3 Nc6 6. Be3 e5 7. Nb5 a6 8. N5c3
d5 9. Nxd5 Nxd5 10. exd5 Qxd5 11. O-O Be6 12. Nc3 Qa5 13. Qf3 Bb4 14. Ne4 Be7
15. Qg3 f5 16. Qxg7 O-O-O 17. Qh6 Bd5 18. Nc3 f4 19. Nxd5 Qxd5 20. Bb6 Rd6 21.
Qh3+ Kb8 22. Rad1 Nb4 23. c4 Qc6 24. Ba5 Nxd3 25. Rxd3 Rg8 26. Rb3 Rdg6 27. g3
fxg3 28. hxg3 Bc5 29. Bd2 Qe4 30. Qg2 Qxg2+ 31. Kxg2 Rd6 32. Be3 Bxe3 33. Rxe3
Rd2 34. b3 Rxa2 35. Rxe5 Rb2 36. Re3 Rf8 37. g4 Ka7 38. Kg3 Kb6 39. f4 Kc5 40.
f5 Kd4 41. Rff3 Rb1 42. Kf4 Rf7 43. g5 Rg1 44. Re4+ Kc5 45. Re5+ Kb4 46. f6 h6
47. Re7 hxg5+ 48. Kf5 Rxe7 49. fxe7 Re1 50. Kf6 g4 51. Rd3 a5 52. Rd8 Kxb3 53.
e8=Q Rxe8 54. Rxe8 Kxc4 55. Re4+ Kb3 56. Rxg4 a4 57. Ke5 a3 58. Kd4 a2 1/2-1/2

[Event "Indywidualne Mistrzostwa Polski Juniorow - C18"]
[Site "Szczyrk"]
[Date "2013-03-19"]
[Round "4.21"]
[White "Budnik, Mateusz"]
[Black "Borawski, Jakub"]
[Result "0-1"]
[WhiteTitle "II+"]
[BlackTitle "I"]
[WhiteElo "1701"]
[BlackElo "1946"]

1. e4 e5 2. Nf3 Nc6 3. Bb5 a6 4. Bxc6 dxc6 5. O-O Qd6 6. d4 exd4 7. Qxd4 Qxd4 8.
Nxd4 Bd7 9. Nc3 O-O-O 10. Be3 Re8 11. Rfe1 Ne7 12. f4 f6 13. Nf3 Ng6 14. g3 h5
15. Rad1 Bb4 16. Bf2 Bg4 17. Rd3 c5 18. Kg2 h4 19. Nd2 hxg3 20. hxg3 b5 21. Rh1
Rxh1 22. Kxh1 c4 23. Re3 Bc5 24. Re2 Bxe2 25. Bxc5 Bg4 26. Kg2 Nf8 27. Bb4 Ne6
28. Nd5 Kb7 29. Nf1 Nd4 30. Nfe3 Bf3+ 31. Kf2 Bxe4 32. Nc3 Nxc2 33. Nxe4 Nxb4
34. Kf3 Nd3 35. Nf5 Ne1+ 36. Ke3 g6 37. Nd4 f5 38. Ne2 Rxe4+ 39. Kf2 Nd3+ 40.
Kf3 Rxe2 41. Kxe2 Nxb2 0-1

[Event "Indywidualne Mistrzostwa Polski Juniorow - C18"]
[Site "Szczyrk"]
[Date "2013-03-19"]
[Round "4.22"]
[White "Jachym, Adam"]
[Black "Gabryjalowicz, Jakub"]
[Result "1/2-1/2"]
[WhiteTitle "II+"]
[BlackTitle "I"]
[WhiteElo "1934"]
[BlackElo "1779"]

1. e4 c5 2. c3 d5 3. exd5 Qxd5 4. d4 Nf6 5. Nf3 Bg4 6. Be2 e6 7. Be3 cxd4 8. Qxd4
Qxd4 9. Nxd4 Bxe2 10. Kxe2 a6 11. Nd2 Nd5 12. c4 Nxe3 13. fxe3 Nd7 14. a3 Be7
15. b4 O-O 16. Rhc1 b6 17. Rc2 Rfc8 18. Rb1 a5 19. N4f3 axb4 20. axb4 Ra4 21.
Rcb2 Nb8 22. Ne1 Nc6 23. Nd3 h6 24. c5 bxc5 25. bxc5 Bf6 26. Rc2 Rca8 27. Rb6
R8a6 28. Rxa6 Rxa6 29. Ne4 Kf8 30. Nxf6 gxf6 31. Rb2 e5 32. Rb6 Rxb6 33. cxb6
Ke7 34. g4 Kd6 35. b7 Kc7 36. Nc5 Kb6 37. Nd7+ Kxb7 38. Nxf6 Ne7 39. Kf3 Kc6 40.
Ke4 Kd6 41. h4 Ke6 42. Ne8 f5+ 43. gxf5+ 1/2-1/2

[Event "Indywidualne Mistrzostwa Polski Juniorow - C18"]
[Site "Szczyrk"]
[Date "2013-03-19"]
[Round "4.23"]
[White "Moszczenski, Milosz"]
[Black "Chmiel, Marcin"]
[Result "0-1"]
[WhiteTitle "I"]
[BlackTitle "I+"]
[WhiteElo "1754"]
[BlackElo "1978"]

1. c4 c5 2. Nc3 Nc6 3. g3 g6 4. Bg2 Bg7 5. Nf3 e5 6. O-O Nge7 7. d3 O-O 8. a3 d6
9. Rb1 a5 10. Bd2 h6 11. Nd5 Nxd5 12. cxd5 Ne7 13. e4 b5 14. b4 cxb4 15. axb4
a4 16. Be3 f5 17. Qd2 g5 18. exf5 Bxf5 19. Ne1 Qe8 20. f4 exf4 21. gxf4 gxf4 22.
Bxf4 a3 23. Nc2 Qg6 24. Rf3 Bxd3 25. Rg3 Bxc2 26. Rxg6 Bxg6 27. Re1 a2 28. h3
a1=Q 29. Rxa1 Rxa1+ 30. Bf1 Be5 31. Bxe5 Raxf1+ 32. Kg2 R1f2+ 0-1